000 00607nam a2200193Ia 4500
005 20260114185711.0
008 008 260114s9999 xx 000 0 eng d
020 _a9780755623310
037 _aEBOOK
040 _aCRL
_beng
_cCRL
041 _aeng
_2eng
084 _qCRL
100 _aNicholas Atkin and Frank Tallett
_9873319
245 0 _aPriests, Prelates and People A History of European Catholicism since 1750
260 _bBloomsbury
_c2003
856 _uhttps://doi.org/10.5040/9780755623310?locatt=label:secondary_bloomsburyCollections
942 _cEBOOK
999 _c1472267
_d1472267